000 00566nam a22001937a 4500
005 20251108175517.0
008 250721s2016 xx 000 0 ara d
082 1 4 _aط/372.3/قرا
245 1 0 _aالحيوانات والطيور القطبية /
264 1 _adubia :
_brabie children books،
_c2016.
300 _a192ص.
490 0 _aالقراءة المفيدة
650 1 7 _aالتعلم
650 1 7 _aالاطفال
650 1 7 _aالعلوم
653 _aمرحلة اطفال متوسطة (6-9)سنوات
942 _2ddc
_cBK
999 _c135842
_d135842